000 00684cam a2200217 4500
001 BFD002483
008 t19951981mx spa
020 _a9684329113
035 _aBFD002483
050 0 4 _aKGF193
_bF59 2003
100 1 _aFix-Zamudio, Héctor
245 1 0 _aMetodologia, docencia e investigación jurídicas /
_cHéctor Fix-Zamudio.
250 _a12a ed.
260 _aMéxico :
_bPorrua,
_c1995
300 _a446 p. ;
_c23 cm.
490 0 _aEstudios doctrinales ;
_vno. 182
650 7 _aDerecho
_xEstudio y Enseñanza
_2Lemb
650 7 _aDerecho
_xMetodología
_zMéxico
_2lemb.
650 7 _aInvestigación jurídica
_zMéxico
_2lemb
942 _2lcc
_cLIB
999 _c109295
_d109295